000 00598nam a22002057a 4500
003 OSt
008 260504b |||||||| |||| 00| 0 eng d
082 _a633.18
_bT30P
100 _aThakur, K. N.
245 _aPhosphorus Fertilization and Efficacy of Herbicides in Different Methods of Upland Rice Cultivation in Calcareous Soil /
_cby Kedar Nath Thakur
260 _a.- Pusa, Samastipur
_b: RAU
_c, 1991
300 _a178p.
502 _bPh. D.
_d1991
650 _aAgronomy
650 _aCalcareous Soil
650 _aHerbicides
650 _aThesis
650 _aPh. D.
942 _2ddc
_cT
999 _c50383
_d50383